[Event "Titled Tuesday intern op 16th Apr Early"]
[Site "Chess.com INT"]
[Date "2024.04.16"]
[Round "3"]
[White "Riehle, Marco"]
[Black "Salem, AR Saleh"]
[Result "1/2-1/2"]
[WhiteElo "2370"]
[BlackElo "2629"]
[PlyCount "188"]
[EventDate "2024.04.16"]
[EventType "swiss (blitz)"]
[EventRounds "11"]
[EventCountry "USA"]
[SourceTitle "CB17_2024"]
[SourceDate "2024.04.24"]
[SourceVersion "1"]
[SourceVersionDate "2024.04.24"]
[SourceQuality "1"]

1. e4 c5 2. a3 g6 3. h4 Bg7 4. h5 Nc6 5. Nc3 d6 6. Bc4 e6 7. d3 Nge7 8. Nf3 h6 9. hxg6 Nxg6 10. Be3 b6 11. Qd2 a6 12. 0-0-0 b5 13. Bb3 Nd4 14. Bxh6 Nxb3+ 15. cxb3 Bxh6 16. Rxh6 Rxh6 17. Qxh6 Qf6 18. Qg5 Ke7 19. Qxf6+ Kxf6 20. d4 b4 21. e5+ dxe5 22. Ne4+ Kf5 23. Nd6+ Kf4 24. dxe5 bxa3 25. bxa3 Rb8 26. Rd3 Bb7 27. Nxf7 Bd5 28. g3+ Kg4 29. Nd2 Rf8 30. Nd6 Rxf2 31. N6e4 Bxe4 32. Nxe4 Re2 33. Nxc5 Nxe5 34. Rd6 Kf3 35. Rxa6 Re3 36. b4 Nc4 37. Rxe6 Rxa3 38. Kc2 Ne3+ 39. Kb2 Nc4+ 40. Kc2 Ne3+ 41. Kb1 Nd5 42. Kb2 Ra8 43. Kb3 Nxb4 44. Kxb4 Kxg3 45. Kc4 Rd8 46. Nb3 Kf4 47. Nd4 Rc8+ 48. Kd3 Ra8 49. Rf6+ Ke5 50. Rf5+ Kd6 51. Rh5 Rg8 52. Kc4 Rc8+ 53. Kd3 Rg8 54. Nb5+ Kc6 55. Kc4 Rg4+ 56. Nd4+ Kd6 57. Ra5 Rg8 58. Rd5+ Ke7 59. Rf5 Ra8 60. Kc5 Ra5+ 61. Nb5 Ke6 62. Rf1 Ra2 63. Nd4+ Ke5 64. Re1+ Kf4 65. Kc4 Ra4+ 66. Kc3 Ra3+ 67. Nb3 Ra8 68. Kc4 Rc8+ 69. Kd3 Ra8 70. Re4+ Kf5 71. Nd4+ Kf6 72. Re6+ Kf7 73. Ke4 Ra5 74. Rb6 Rg5 75. Kf4 Rg1 76. Nf3 Rf1 77. Ke4 Ke7 78. Rh6 Kd7 79. Nd4 Ra1 80. Nb3 Re1+ 81. Kd5 Rd1+ 82. Nd4 Ke7 83. Re6+ Kf7 84. Ra6 Re1 85. Nf3 Rb1 86. Ke5 Rb5+ 87. Kf4 Ke7 88. Ne5 Rb1 89. Nc6+ Kd7 90. Nd4 Re1 91. Kf5 Kc7 92. Ne6+ Kb7 93. Nc5+ Kc7 94. Ne4 Kb7 1/2-1/2

[Event "Titled Tuesday intern op 06th Feb Early"]
[Site "Chess.com INT"]
[Date "2024.02.06"]
[Round "3"]
[White "Salem, AR Saleh"]
[Black "Tarhan, Adar"]
[Result "0-1"]
[WhiteElo "2629"]
[BlackElo "2415"]
[PlyCount "70"]
[EventDate "2024.02.06"]
[EventType "swiss (blitz)"]
[EventRounds "11"]
[EventCountry "USA"]
[SourceTitle "CB07_2024"]
[SourceDate "2024.02.14"]
[SourceVersion "1"]
[SourceVersionDate "2024.02.14"]
[SourceQuality "1"]

1. Nf3 Nf6 2. g3 d5 3. Bg2 c6 4. 0-0 Bf5 5. d3 h6 6. Nc3 e6 7. Nd2 Bh7 8. e4 Nbd7 9. f4 Bc5+ 10. Kh1 h5 11. Qe2 h4 12. g4 h3 13. Bf3 dxe4 14. dxe4 Qc7 15. Nb3 Bb4 16. g5 Ng8 17. a3 Bxc3 18. bxc3 Ne7 19. c4 0-0-0 20. Be3 c5 21. Rab1 Nc6 22. Qf2 b6 23. Rbd1 f6 24. Rg1 fxg5 25. Rxg5 Nf6 26. Rxd8+ Rxd8 27. Nd2 Nd4 28. Kg1 Nxc2 29. e5 Nxe3 30. Qxe3 Rd3 31. Qe2 Qd7 32. exf6 gxf6 33. Rh5 Rxd2 34. Qe3 Rd3 35. Qf2 Rd1+ 0-1

[Event "Tata Steel-B 86th"]
[Site "Wijk aan Zee"]
[Date "2024.01.23"]
[Round "9"]
[White "Dardha, Daniel"]
[Black "Salem, AR Saleh"]
[Result "1-0"]
[WhiteElo "2602"]
[BlackElo "2630"]
[PlyCount "65"]
[EventDate "2024.01.13"]
[EventType "tourn"]
[EventRounds "13"]
[EventCountry "NED"]
[EventCategory "13"]
[SourceTitle "CB05_2024"]
[SourceDate "2024.01.31"]
[SourceVersion "1"]
[SourceVersionDate "2024.01.31"]
[SourceQuality "1"]

1. Nf3 Nf6 2. c4 c5 3. Nc3 e6 4. e3 d5 5. cxd5 Nxd5 6. Bc4 Be7 7. 0-0 0-0 8. d4 Nxc3 9. bxc3 Qc7 10. Bd3 Nc6 11. e4 Rd8 12. Be3 Na5 13. e5 g6 14. Ng5 cxd4 15. cxd4 Bxg5 16. Bxg5 Rxd4 17. Qe2 Nc6 18. Bf6 Rf4 19. Qe3 Rxf6 20. exf6 Qd8 21. Qg5 h6 22. Qh4 e5 23. Rad1 Qf8 24. Qg3 Be6 25. Be4 Re8 26. Rfe1 Bxa2 27. Bxg6 Kh8 28. Be4 Nd4 29. Qh4 Bc4 30. Re3 Rd8 31. Rde1 Ne2+ 32. R1xe2 Bxe2 33. h3 1-0

[Event "Tata Steel-B 86th"]
[Site "Wijk aan Zee"]
[Date "2024.01.15"]
[Round "3"]
[White "Salem, AR Saleh"]
[Black "Niemann, Hans Moke"]
[Result "1/2-1/2"]
[WhiteElo "2630"]
[BlackElo "2692"]
[PlyCount "56"]
[EventDate "2024.01.13"]
[EventType "tourn"]
[EventRounds "13"]
[EventCountry "NED"]
[EventCategory "13"]
[SourceTitle "CB05_2024"]
[SourceDate "2024.01.31"]
[SourceVersion "1"]
[SourceVersionDate "2024.01.31"]
[SourceQuality "1"]

1. e4 e5 2. Nf3 Nc6 3. Bb5 Nf6 4. 0-0 Nxe4 5. Re1 Nd6 6. Nxe5 Be7 7. Bf1 Nxe5 8. Rxe5 0-0 9. d4 Bf6 10. Re1 Re8 11. Bf4 Rxe1 12. Qxe1 Ne8 13. Nc3 Bxd4 14. Nd5 d6 15. Bg5 f6 16. Bh4 g5 17. Qe4 Bxb2 18. Rb1 Be5 19. f4 gxh4 20. fxe5 dxe5 21. Bd3 Bf5 22. Qxf5 Qxd5 23. Qxh7+ Kf8 24. Qxh4 Rd8 25. Qh6+ Ke7 26. Qh7+ Kf8 27. Qh6+ Ke7 28. Qh7+ Kf8 1/2-1/2

[Event "Tata Steel-B 86th"]
[Site "Wijk aan Zee"]
[Date "2024.01.14"]
[Round "2"]
[White "Santos Latasa, Jaime"]
[Black "Salem, AR Saleh"]
[Result "1/2-1/2"]
[WhiteElo "2615"]
[BlackElo "2630"]
[PlyCount "76"]
[EventDate "2024.01.13"]
[EventType "tourn"]
[EventRounds "13"]
[EventCountry "NED"]
[EventCategory "13"]
[SourceTitle "CB05_2024"]
[SourceDate "2024.01.31"]
[SourceVersion "1"]
[SourceVersionDate "2024.01.31"]
[SourceQuality "1"]

1. d4 d5 2. c4 e6 3. Nc3 Nf6 4. cxd5 exd5 5. Bg5 c6 6. e3 h6 7. Bh4 Be7 8. Bd3 0-0 9. Nge2 Re8 10. 0-0 a5 11. Rc1 Nbd7 12. Qc2 b5 13. a4 b4 14. Nb1 Ba6 15. Nd2 Qb6 16. Nb3 Bxd3 17. Qxd3 Rac8 18. Rc2 Bd6 19. Rfc1 Ne4 20. f3 Nef6 21. Bf2 Rc7 22. h3 c5 23. dxc5 Nxc5 24. Nxc5 Rxc5 25. Nd4 Rec8 26. Nb3 Rxc2 27. Rxc2 Rxc2 28. Qxc2 Qa6 29. Nd4 Qc4 30. Qd1 b3 31. Nxb3 Qxa4 32. Be1 Bb4 33. Bh4 Bc5 34. Bf2 Bd6 35. Be1 Qe8 36. Qc1 a4 37. Nd4 Be5 38. Bc3 Nd7 1/2-1/2

[Event "Titled Tuesday intern op 09th Jan Early"]
[Site "Chess.com INT"]
[Date "2024.01.09"]
[Round "7"]
[White "Haug, Havard"]
[Black "Salem, AR Saleh"]
[Result "0-1"]
[WhiteElo "2308"]
[BlackElo "2630"]
[PlyCount "76"]
[EventDate "2024.01.09"]
[EventType "swiss (blitz)"]
[EventRounds "11"]
[EventCountry "USA"]
[SourceTitle "CB03_2024"]
[SourceDate "2024.01.17"]
[SourceVersion "1"]
[SourceVersionDate "2024.01.17"]
[SourceQuality "1"]

1. e4 c5 2. c3 d6 3. d4 Nf6 4. Bd3 g6 5. Nf3 Bg7 6. 0-0 0-0 7. h3 Nfd7 8. Re1 Nc6 9. Be3 Rb8 10. Qd2 b5 11. Na3 b4 12. Nc2 a5 13. Rad1 Qc7 14. Bh6 e5 15. Qg5 Qd8 16. Qc1 Qe7 17. h4 Nf6 18. Bg5 bxc3 19. bxc3 cxd4 20. cxd4 Bg4 21. dxe5 dxe5 22. Ne3 Bxf3 23. Qxc6 Bxd1 24. Nd5 Qe6 25. Bxf6 Bg4 26. Bxg7 Qxc6 27. Ne7+ Kxg7 28. Nxc6 Rb2 29. Nxa5 Rd8 30. Bf1 Be6 31. Nc4 Bxc4 32. Bxc4 Rdd2 33. Rf1 Rb4 34. Bd5 f5 35. Rc1 fxe4 36. Rc7+ Kf8 37. Bb3 e3 38. Rf7+ Ke8 0-1

[Event "Titled Tuesday intern op 09th Jan Early"]
[Site "Chess.com INT"]
[Date "2024.01.09"]
[Round "2"]
[White "Salem, AR Saleh"]
[Black "Xie, Bryan"]
[Result "1-0"]
[WhiteElo "2630"]
[BlackElo "2279"]
[PlyCount "47"]
[EventDate "2024.01.09"]
[EventType "swiss (blitz)"]
[EventRounds "11"]
[EventCountry "USA"]
[SourceTitle "CB03_2024"]
[SourceDate "2024.01.17"]
[SourceVersion "1"]
[SourceVersionDate "2024.01.17"]
[SourceQuality "1"]

1. d4 d5 2. c4 dxc4 3. Nf3 Nf6 4. Nc3 e6 5. e4 a6 6. Bxc4 b5 7. Bd3 Bb7 8. 0-0 Nbd7 9. e5 Nd5 10. a4 b4 11. Ne4 c5 12. Nfg5 cxd4 13. Nxf7 Kxf7 14. Ng5+ Ke7 15. Qh5 Qe8 16. Qh3 Nxe5 17. Re1 Kd6 18. Qg3 Kc7 19. Qxe5+ Bd6 20. Nxe6+ Kc6 21. Nxd4+ Kd7 22. Qf5+ Kc7 23. Rxe8 Raxe8 24. Bd2 1-0

[Event "Wch Blitz"]
[Site "Samarkand"]
[Date "2023.12.30"]
[Round "20"]
[White "Makarian, Rudik"]
[Black "Salem, AR Saleh"]
[Result "1-0"]
[WhiteElo "2530"]
[BlackElo "2639"]
[PlyCount "71"]
[EventDate "2023.12.29"]
[EventType "swiss (blitz)"]
[EventRounds "21"]
[EventCountry "UZB"]
[SourceTitle "CB01_2024"]
[SourceDate "2024.01.03"]
[SourceVersion "1"]
[SourceVersionDate "2024.01.03"]
[SourceQuality "1"]

1. c4 g6 2. Nc3 Bg7 3. Nf3 Nf6 4. e4 d6 5. d4 0-0 6. Be2 e5 7. 0-0 Nc6 8. d5 Ne7 9. b4 Nh5 10. a4 f5 11. a5 Nf4 12. Bxf4 exf4 13. Ra3 h6 14. exf5 Nxf5 15. Re1 g5 16. h3 Bd7 17. c5 Kh8 18. a6 bxa6 19. c6 Bc8 20. Qc2 h5 21. Ne4 g4 22. hxg4 hxg4 23. Nh2 Nd4 24. Qd1 f3 25. gxf3 Qh4 26. fxg4 Be5 27. Rg3 Rb8 28. Bf1 Rxb4 29. Rh3 Bxh2+ 30. Kxh2 Qxh3+ 31. Bxh3 Nf3+ 32. Kg3 Nxe1 33. Qxe1 Rb3+ 34. Kg2 Re8 35. Qa1+ Re5 36. f4 1-0

[Event "Wch Blitz"]
[Site "Samarkand"]
[Date "2023.12.29"]
[Round "9"]
[White "Salem, AR Saleh"]
[Black "Aravindh, Chithambaram VR"]
[Result "0-1"]
[WhiteElo "2639"]
[BlackElo "2646"]
[PlyCount "204"]
[EventDate "2023.12.29"]
[EventType "swiss (blitz)"]
[EventRounds "21"]
[EventCountry "UZB"]
[SourceTitle "CB01_2024"]
[SourceDate "2024.01.03"]
[SourceVersion "1"]
[SourceVersionDate "2024.01.03"]
[SourceQuality "1"]

1. d4 d5 2. c4 dxc4 3. Nf3 a6 4. e4 b5 5. Nc3 Bb7 6. a4 b4 7. Bxc4 e6 8. Qb3 Nc6 9. a5 Nf6 10. 0-0 Be7 11. d5 exd5 12. Nxd5 0-0 13. Rd1 Nxd5 14. Bxd5 Qc8 15. Bg5 Bxg5 16. Nxg5 Ne5 17. Qxb4 Bxd5 18. Rxd5 Rb8 19. Qc3 Ng6 20. g3 Re8 21. Rc1 h6 22. Nf3 Rxe4 23. Rc5 Qb7 24. Rc2 Re7 25. h4 Rd8 26. h5 Nf8 27. Kg2 Ne6 28. Re5 Red7 29. Qc6 Qb3 30. Qc4 Rd3 31. Qxb3 Rxb3 32. Nd2 Rb4 33. Nf3 Rd3 34. Rf5 Rd6 35. Re2 Rd8 36. Rc2 Rdb8 37. Rd2 Rxb2 38. Rd7 f6 39. Re7 Re2 40. Kf1 Rbb2 41. Nh4 Rec2 42. Ng6 Rc1+ 43. Kg2 Re1 44. Re8+ Kf7 45. Re7+ Kg8 46. Kh2 Rb8 47. Rd5 Ng5 48. Rdd7 Rxe7 49. Nxe7+ Kf8 50. Ng6+ Kg8 51. Rxc7 Ne4 52. Kg2 Rb2 53. Kf3 Ng5+ 54. Kg2 Ne4 55. Kf3 Ng5+ 56. Ke3 Rb3+ 57. Ke2 Rb2+ 58. Kf1 Ne4 59. Re7 Nxf2 60. Re8+ Kf7 61. Re7+ Kg8 62. Re6 Nh1 63. g4 Ng3+ 64. Ke1 f5 65. gxf5 Nxf5 66. Rxa6 Rb5 67. Ra7 Nd4 68. a6 Ra5 69. Kd1 Nc6 70. Ra8+ Kf7 71. Nf4 Nb4 72. a7 Nc6 73. Rc8 Nxa7 74. Rc7+ Kf6 75. Ke2 Nb5 76. Rb7 Nd4+ 77. Ke3 Nf5+ 78. Kf3 Ra3+ 79. Kf2 Ng3 80. Rb5 Ne4+ 81. Kg2 Rg3+ 82. Kh2 Rg4 83. Nd5+ Ke6 84. Ne3 Rg5 85. Rxg5 Nxg5 86. Kg3 Ke5 87. Kg4 Ne4 88. Nc4+ Ke6 89. Ne3 Nf6+ 90. Kh4 Ke5 91. Nc4+ Kf4 92. Nd6 Ke5 93. Nc4+ Kf5 94. Nd6+ Ke6 95. Nc4 Nd7 96. Ne3 Ne5 97. Nc2 Nc6 98. Ne3 Ke5 99. Nc4+ Kf4 100. Nd6 Nd4 101. Nf7 Nf3+ 102. Kh3 Ng5+ 0-1

[Event "Wch Rapid"]
[Site "Samarkand"]
[Date "2023.12.27"]
[Round "6"]
[White "Pranav, V."]
[Black "Salem, AR Saleh"]
[Result "0-1"]
[WhiteElo "2611"]
[BlackElo "2639"]
[PlyCount "118"]
[EventDate "2023.12.26"]
[EventType "swiss (rapid)"]
[EventRounds "13"]
[EventCountry "UZB"]
[SourceTitle "CB01_2024"]
[SourceDate "2024.01.03"]
[SourceVersion "1"]
[SourceVersionDate "2024.01.03"]
[SourceQuality "1"]

1. e4 e5 2. Nf3 Nc6 3. Bb5 a6 4. Ba4 Nf6 5. 0-0 Be7 6. d3 b5 7. Bb3 d6 8. a4 Bd7 9. c3 0-0 10. Bc2 Re8 11. Re1 h6 12. h3 Bf8 13. Nbd2 Rb8 14. Nf1 d5 15. Ng3 b4 16. exd5 Nxd5 17. Bd2 bxc3 18. bxc3 Nf6 19. a5 Bd6 20. Ba4 Ne7 21. Ne4 Nxe4 22. dxe4 Ng6 23. Be3 Qc8 24. Qe2 Bxa4 25. Rxa4 Qb7 26. Nd2 Qc6 27. Qc4 Ne7 28. Raa1 Rb5 29. Qd3 Ng6 30. Reb1 Reb8 31. Rxb5 Rxb5 32. Nc4 Be7 33. Nd2 Nf8 34. c4 Rb8 35. Qd5 Qf6 36. Nf3 Ng6 37. c5 Qe6 38. Rd1 Rd8 39. Qxd8+ Bxd8 40. Rxd8+ Kh7 41. Rd5 f6 42. Rd8 Qc6 43. Nd2 Nf4 44. h4 h5 45. Bxf4 exf4 46. Rd5 Qa4 47. Rxh5+ Kg8 48. Rd5 Qxa5 49. Nf3 Qb4 50. c6 Qxe4 51. Rd8+ Kh7 52. Nd4 a5 53. Kh2 a4 54. f3 Qe5 55. Nc2 Qc5 56. Nd4 a3 57. Ne6 Qxc6 58. Nf8+ Kh6 59. Rd3 Qd6 0-1

[Event "Wch Rapid"]
[Site "Samarkand"]
[Date "2023.12.27"]
[Round "9"]
[White "Salem, AR Saleh"]
[Black "Lazavik, Denis"]
[Result "1/2-1/2"]
[WhiteElo "2639"]
[BlackElo "2566"]
[PlyCount "50"]
[EventDate "2023.12.26"]
[EventType "swiss (rapid)"]
[EventRounds "13"]
[EventCountry "UZB"]
[SourceTitle "CB01_2024"]
[SourceDate "2024.01.03"]
[SourceVersion "1"]
[SourceVersionDate "2024.01.03"]
[SourceQuality "1"]

1. d4 Nf6 2. c4 e6 3. Nf3 d5 4. g3 Be7 5. Bg2 0-0 6. 0-0 dxc4 7. Qc2 a6 8. a4 Bd7 9. Qxc4 Bc6 10. Bf4 Bd6 11. Qc1 Nbd7 12. Re1 Rb8 13. a5 h6 14. Nc3 Bxf4 15. Qxf4 b6 16. Qc1 bxa5 17. Rxa5 Bxf3 18. Bxf3 c5 19. Ra4 cxd4 20. Rxd4 Qb6 21. Red1 Ne5 22. Rd6 Qxb2 23. Rxa6 Nxf3+ 24. exf3 Qb7 25. Ra3 Rfd8 1/2-1/2

[Event "Wch Rapid"]
[Site "Samarkand"]
[Date "2023.12.26"]
[Round "4"]
[White "Dardha, Daniel"]
[Black "Salem, AR Saleh"]
[Result "1/2-1/2"]
[WhiteElo "2598"]
[BlackElo "2639"]
[PlyCount "128"]
[EventDate "2023.12.26"]
[EventType "swiss (rapid)"]
[EventRounds "13"]
[EventCountry "UZB"]
[SourceTitle "CB01_2024"]
[SourceDate "2024.01.03"]
[SourceVersion "1"]
[SourceVersionDate "2024.01.03"]
[SourceQuality "1"]

1. Nf3 Nf6 2. c4 g6 3. Nc3 Bg7 4. e4 d6 5. d4 0-0 6. Bd3 Bg4 7. Be2 Bxf3 8. Bxf3 Nfd7 9. Be3 c5 10. d5 Na6 11. Be2 Nc7 12. 0-0 a6 13. a4 Rb8 14. Qd2 Re8 15. Rfe1 e6 16. Bf1 exd5 17. exd5 Nf6 18. Bg5 Qd7 19. Rxe8+ Rxe8 20. Re1 Rxe1 21. Qxe1 h6 22. Bf4 Nce8 23. Bd3 Ng4 24. h3 Ne5 25. Bf1 f5 26. Be3 Qd8 27. f4 Nd7 28. Kh2 Qe7 29. Bd2 Qxe1 30. Bxe1 h5 31. a5 Bd4 32. g3 Nef6 33. Bd3 h4 34. gxh4 Nh5 35. Ne2 Bxb2 36. Kg2 Ba3 37. Bc2 Bb4 38. Ba4 Bxe1 39. Bxd7 Bxa5 40. Bc8 b5 41. Bxa6 b4 42. Bb5 b3 43. Ba4 b2 44. Bc2 Nf6 45. Ng3 Be1 46. Nf1 Ne4 47. h5 Nc3 48. hxg6 b1Q 49. Bxb1 Nxb1 50. Ne3 Kg7 51. Nxf5+ Kxg6 52. Nxd6 Nd2 53. Nb7 Nxc4 54. Nxc5 Ne3+ 55. Kf3 Nxd5 56. Ne4 Ba5 57. Kg4 Ne3+ 58. Kf3 Bb6 59. Ng3 Nd5 60. Ke4 Nf6+ 61. Kf3 Bc7 62. f5+ Kg5 63. Ne4+ Kxf5 64. Nxf6 Kxf6 1/2-1/2

[Event "Sharjah Alef Blitz"]
[Site "Sharjah"]
[Date "2023.12.06"]
[Round "7"]
[White "Nihal, Sarin"]
[Black "Salem, AR Saleh"]
[Result "1-0"]
[WhiteElo "2688"]
[BlackElo "2639"]
[PlyCount "119"]
[EventDate "2023.12.06"]
[EventType "tourn (blitz)"]
[EventRounds "12"]
[EventCountry "UAE"]
[EventCategory "18"]
[SourceTitle "CB50_2023"]
[SourceDate "2023.12.13"]
[SourceVersion "1"]
[SourceVersionDate "2023.12.13"]
[SourceQuality "1"]

1. d4 Nf6 2. Nf3 g6 3. Nbd2 d5 4. b3 Bg7 5. Bb2 0-0 6. e3 Bf5 7. Be2 Ne4 8. c4 dxc4 9. Bxc4 c5 10. Qc1 Nxd2 11. Qxd2 Nc6 12. Rd1 Bg4 13. dxc5 Bxb2 14. Qxb2 Qa5+ 15. Rd2 Bxf3 16. gxf3 Qxc5 17. 0-0 Qh5 18. Be2 Ne5 19. Kg2 Qg5+ 20. Kh1 Nc6 21. Rd7 Rfd8 22. Rxb7 Rd6 23. Rb5 Qh4 24. Rc5 Rad8 25. a3 Rd2 26. Rc2 R8d5 27. f4 Rxc2 28. Qxc2 Rd6 29. Kg2 Nd8 30. Rd1 Qf6 31. Rxd6 Qxd6 32. b4 f6 33. Qd3 Qb8 34. Qd7 Kf8 35. Bc4 Qa8+ 36. Bd5 Qb8 37. a4 Nf7 38. Bxf7 Kxf7 39. b5 Qa8+ 40. Kg1 Qf3 41. a5 Qe2 42. Qd5+ Kg7 43. b6 axb6 44. axb6 Qb2 45. b7 h5 46. h3 h4 47. Kg2 Qb1 48. Qc6 Kf7 49. Qd5+ Kg7 50. Qc6 Kf7 51. e4 Kg7 52. Qd5 Qb4 53. Qc6 Qb1 54. e5 fxe5 55. fxe5 Kh6 56. Qf3 Kg7 57. e6 Qb5 58. Qf7+ Kh6 59. Qf4+ g5 60. b8Q 1-0

[Event "Sharjah Alef Blitz"]
[Site "Sharjah"]
[Date "2023.12.06"]
[Round "8"]
[White "Salem, AR Saleh"]
[Black "Sjugirov, Sanan"]
[Result "1-0"]
[WhiteElo "2639"]
[BlackElo "2703"]
[PlyCount "118"]
[EventDate "2023.12.06"]
[EventType "tourn (blitz)"]
[EventRounds "12"]
[EventCountry "UAE"]
[EventCategory "18"]
[SourceTitle "CB50_2023"]
[SourceDate "2023.12.13"]
[SourceVersion "1"]
[SourceVersionDate "2023.12.13"]
[SourceQuality "1"]

1. d4 Nf6 2. c4 e6 3. Nf3 d5 4. Nc3 Bb4 5. e3 0-0 6. Bd3 c5 7. 0-0 dxc4 8. Bxc4 Nc6 9. a3 Ba5 10. Qd3 a6 11. dxc5 Qxd3 12. Bxd3 Bxc3 13. bxc3 Nd7 14. a4 Nxc5 15. Bc2 Re8 16. Ba3 Nd7 17. Ng5 Nf6 18. Rfd1 e5 19. Rab1 h6 20. Ne4 Nxe4 21. Bxe4 Na5 22. Bb4 Nc4 23. Bc5 Na5 24. Rb6 Be6 25. Bb4 Red8 26. Rxd8+ Rxd8 27. h4 Nc4 28. Rxb7 a5 29. Be7 Rd1+ 30. Kh2 f5 31. Bf3 Ra1 32. Bh5 Nd2 33. Rb8+ Kh7 34. Be2 Rxa4 35. h5 Bc4 36. Bxc4 Rxc4 37. Rb7 Kg8 38. Rb5 a4 39. Rxe5 Ne4 40. Rxf5 Nxc3 41. f3 Rc7 42. Bb4 Na2 43. Bd6 Rc6 44. Bc5 Nc1 45. e4 Nd3 46. Be7 Rc7 47. Bd6 Rc6 48. Rf8+ Kh7 49. e5 Ra6 50. Ba3 Nxe5 51. Rb8 Nc4 52. Bb4 a3 53. Bc3 a2 54. Rb7 Kg8 55. Rxg7+ Kf8 56. Rc7 Ne3 57. Ba1 Ra5 58. g4 Rb5 59. Ra7 Rb1 1-0

[Event "Sharjah Alef Rapid"]
[Site "Sharjah"]
[Date "2023.12.05"]
[Round "5"]
[White "Sjugirov, Sanan"]
[Black "Salem, AR Saleh"]
[Result "0-1"]
[WhiteElo "2703"]
[BlackElo "2639"]
[PlyCount "126"]
[EventDate "2023.12.04"]
[EventType "tourn (rapid)"]
[EventRounds "6"]
[EventCountry "UAE"]
[EventCategory "18"]
[SourceTitle "CB50_2023"]
[SourceDate "2023.12.13"]
[SourceVersion "1"]
[SourceVersionDate "2023.12.13"]
[SourceQuality "1"]

1. e4 e5 2. Nf3 Nc6 3. Bc4 Nf6 4. d3 Bc5 5. c3 a6 6. a4 d6 7. 0-0 0-0 8. h3 h6 9. Re1 Ba7 10. Nbd2 Re8 11. b4 Be6 12. Bxe6 Rxe6 13. Nb3 Qd7 14. b5 Ne7 15. c4 Ng6 16. g3 Ree8 17. Kg2 Nf8 18. Be3 Bxe3 19. Rxe3 Ne6 20. Rc1 axb5 21. axb5 Ra2 22. Ra1 Rea8 23. Rxa2 Rxa2 24. Qb1 Ra8 25. d4 exd4 26. Nbxd4 Nxd4 27. Nxd4 Qe8 28. Qd3 Nd7 29. Nf5 Qe5 30. Qd5 Rb8 31. Ra3 Kf8 32. Qxe5 Nxe5 33. Ne3 g6 34. f4 Nd7 35. Kf3 c6 36. h4 h5 37. g4 hxg4+ 38. Nxg4 Ke7 39. Ne3 Nc5 40. bxc6 bxc6 41. Ra7+ Kf8 42. f5 Re8 43. Rc7 Nb3 44. fxg6 fxg6 45. Kf4 Nd2 46. Kg5 Rxe4 47. Ng2 Ke8 48. Rxc6 Kd7 49. Ra6 Nf3+ 50. Kf6 Nxh4 51. Nxh4 Rxh4 52. Kxg6 Rxc4 53. Kf5 Rb4 54. Kg5 Ke6 55. Ra1 Ke5 56. Re1+ Re4 57. Ra1 d5 58. Ra5 Rb4 59. Ra8 Rb1 60. Kg4 Rf1 61. Kg3 Ke4 62. Kg2 Rf7 63. Re8+ Kd3 0-1